ბათუმის შოთა რუსთაველის სახელმწიფო უნივერსიტეტის ბიბლიოთეკა

Курс экономической теории: учебник Московский государственный институт международных отношений МИД ГФ. (ბიბ.ჩანაწერი № 37124)

000 -LEADER
fixed length control field 00785nam a2200217Ia 4500
001 - CONTROL NUMBER
control field 3080
003 - CONTROL NUMBER IDENTIFIER
control field GE_BSU
008 - FIXED-LENGTH DATA ELEMENTS--GENERAL INFORMATION
fixed length control field 181216s||||||||xx |||||||||||||| ||und||
020 ## - INTERNATIONAL STANDARD BOOK NUMBER
International Standard Book Number 5707500082
040 ## - CATALOGING SOURCE
Transcribing agency GE_BSU
080 ## - UNIVERSAL DECIMAL CLASSIFICATION NUMBER
Universal Decimal Classification number 330.1(075ю8)
245 ## - TITLE STATEMENT
Title Курс экономической теории: учебник Московский государственный институт международных отношений МИД ГФ.
245 ## - TITLE STATEMENT
Statement of responsibility, etc. под Обшей редакцией проф.М. Н. Чепурина,проф. Е. А. Киселевой;
260 ## - PUBLICATION, DISTRIBUTION, ETC.
Place of publication, distribution, etc. Киров
260 ## - PUBLICATION, DISTRIBUTION, ETC.
Name of publisher, distributor, etc. ,,АСА
260 ## - PUBLICATION, DISTRIBUTION, ETC.
Date of publication, distribution, etc. 1998
300 ## - PHYSICAL DESCRIPTION
Extent 624 ст. 20 см.
653 ## - INDEX TERM--UNCONTROLLED
Uncontrolled term Курс экономической теории:
942 ## - ADDED ENTRY ELEMENTS (KOHA)
Koha item type წიგნი
ეგზემპლარები
Withdrawn status Lost status Damaged status Not for loan Date acquired Barcode Date last seen Price effective from Koha item type Public note
        2018-12-17 7861 2018-12-17 2018-12-17 წიგნი დარბაზი
        2018-12-17 7862 2018-12-17 2018-12-17 წიგნი დარბაზი